| 000 -CABECERA |
| Longitud fija campo de control |
00599nam a2200169 a 4500 |
| 001 - NÚMERO DE CONTROL |
| Número de control |
4519 |
| 003 - IDENTIFICADOR DEL NÚMERO DE CONTROL |
| Identificador del número de control |
CDMR |
| 005 - FECHA Y HORA DE LA ÚLTIMA TRANSACCIÓN |
| Fecha y hora de la última transacción |
20131106111331.0 |
| 008 - CÓDIGOS DE INFORMACIÓN DE LONGITUD FIJA |
| Códigos de información de longitud fija |
130130s2001||||||||||||||||||||||||||||d |
| 040 ## - FUENTE DE LA CATALOGACIÓN |
| Centro catalogador de origen |
CDMR |
| Lengua de catalogación |
cat |
| Centro transcriptor |
CDMR |
| 245 #0 - MENCIÓN DE TÍTULO |
| Título |
Ernest Guasp |
| Resto del título |
: 1901-1984 : [cent anys en la memòria] |
| 260 ## - PUBLICACIÓN, DISTRIBUCIÓN, ETC. (PIE DE IMPRENTA) |
| Lugar de publicación, distribución, etc. |
Alzira |
| Fecha de publicación, distribución, etc. |
[2001] |
| Nombre del editor, distribuidor, etc. |
Ajuntament d'Alzira. Regidoria de Cultura |
| 300 ## - DESCRIPCIÓN FÍSICA |
| Extensión |
63 p. |
| Otras características físicas |
il. |
| 500 ## - NOTA GENERAL |
| Nota general |
Catàleg de l'exposició en homenatge a Ernest Guasp, celebrada a Alzira entre el 22 de novembre i el 10 de desembre de 2001 |
| 600 1# - PUNTO DE ACCESO ADICIONAL DE MATERIA - NOMBRE DE PERSONA |
| 9 (RLIN) |
4268 |
| Nombre de persona |
Guasp, Ernest |
| Fechas asociadas al nombre |
1901-1984 |
| Subdivisión de forma (R ) |
Exposicions |
| 942 ## - ENTRADA DE ELEMENTOS AGREGADOS (KOHA) |
| Koha [por defecto] tipo de item |
Monografies |
| Fuente de clasificaión o esquema |
|